Game of Thrones Characters - Statistics

General Stats
  • This quiz has been taken 128 times
  • The average score is 15 of 16
Answer Stats
Actor/Actress Character % Correct
Kit Harrington Jon Snow
100%
Maisie Williams Arya Stark
99%
Lena Headey Cersei Lannister
98%
Sean Bean Eddard Stark
98%
Jason Momoa Khal Drogo
98%
Sophie Turner Sansa Stark
98%
Peter Dinklage Tyrion Lannister
98%
Emilia Clarke Daenerys Targaryen
96%
Alfie Allen Theon Greyjoy
96%
Natalie Dormer Margaery Tyrell
91%
Gwendoline Christie Brienne of Tarth
88%
Charles Dance Tywin Lannister
87%
Nikolaj Coster-Waldau Jamie Lannister
82%
Iain Glen Jorah Mormont
80%
Isaac Hempstead Bran Stark
79%
Iwan Rheon Ramsay Bolton
72%
No matching quizzes found
Score Distribution
Percent of People with Each Score
Percentile by Number Answered
Your Score History
You have not taken this quiz